|
|
|
|
| LEADER |
00799pam a22002298a 4500 |
| 001 |
00026965 |
| 005 |
20171026081022.0 |
| 008 |
110919s[kxd ||||||viesd |
| 041 |
0 |
# |
|a vie
|
| 082 |
1 |
4 |
|a 547.007 6
|b B103T
|
| 100 |
0 |
# |
|a Lê Huy Bắc
|
| 245 |
0 |
0 |
|a Bài tập hóa học hữu cơ
|c Lê Huy Bắc, Nguyễn Văn Tòng
|
| 260 |
# |
# |
|a H.
|b Giáo Dục
|c [kxd]
|
| 300 |
# |
# |
|a 104 tr.
|c 27 cm.
|
| 653 |
# |
# |
|a Hóa học hữu cơ
|
| 653 |
# |
# |
|a bài tập
|
| 700 |
0 |
# |
|a Nguyễn Văn Tòng
|
| 852 |
# |
# |
|b Kho giáo trình
|j KGT.0032563, KGT.0033130, KGT.0034203
|
| 852 |
# |
# |
|b Kho mượn
|j KGT.0032563
|
| 852 |
# |
# |
|j KGT.0034203
|j KGT.0032563
|j KGT.0033130
|
| 910 |
|
|
|d 19/09/2011
|
| 980 |
# |
# |
|a Trung tâm Học liệu Lê Vũ Hùng, Trường Đại học Đồng Tháp
|